Datum a čas kvízu
20
Celkem bodů
Celkový počet nahraných bodů na tomto kvízu bez doplňovacích otázek.
12.
Pořadí na kvízu
Konečné umístění týmu na tomto kvízu.
Zaznamenané odpovědi
| # | Otázka | Odpověď | Body | Výsledky |
|---|---|---|---|---|
| 1. | V pondělí odpoledne došlo k za... | Merkur | 0 | |
| 2. | Berlínský spolek pro otevřenou... | kus Berlínské zdi | 0 | |
| 3. | Studenti pedagogické fakulty K... | Neznámý vojín | 0 | |
| 4. | 11. listopadu se ve světě již... | na nezadané | 1 | |
| 5. | Ve kterém českém městě se odeh... | v Plzni | 0 | |
| 6. | Téma o tomto komikovi si vybra... | v Litoměřicích | 1 | |
| 7. | Jak se jmenuje herečka zdatně... | Iva Janžurová | 1 | |
| 8. | Kdo je "průkopníkem českého di... | Tyl | 0 | |
| 9. | Kde se odehrává tato scénka? A... | B) na hřbitově | 1 | |
| 10. | Ve scénce V restauraci hraje H... | C) U Nudle | 1 |